Statistics for 100 Goals in the Premier League

Click here to take the quiz!

General Stats

  • This quiz has been taken 35 times
  • The average score is 25 of 33

Answer Stats

HintAnswer% Correct
Blackburn, NewcastleAlan Shearer
97%
LeicesterJamie Vardy
97%
Manchester CitySergio Aguero
97%
ArsenalThierry Henry
97%
Everton, Manchester UnitedWayne Rooney
97%
West Ham, Chelsea, Manchester CityFrank Lampard
94%
TottenhamHarry Kane
94%
Liverpool, Newcastle, Manchester United, StokeMichael Owen
90%
Chelsea, LiverpoolMohamed Salah
90%
Newcastle, Manchester United, Blackburn, Fulham, Manchester City, PortsmouthAndrew Cole
87%
Arsenal, Manchester UnitedRobin Van Persie
87%
Manchester UnitedRyan Giggs
87%
LiverpoolSteven Gerrard
87%
ChelseaDidier Drogba
84%
Manchester UnitedPaul Scholes
81%
Southampton, LiverpoolSadio Mane
77%
Nottingham Forest, Tottenham, Manchester United, Portsmouth, West HamTeddy Sheringham
77%
Manchester UnitedCristiano Ronaldo
71%
QPR, Newcastle, Tottenham, West Ham, Leicester, BoltonLes Ferdinand
68%
Aston Villa, Southampton, Liverpool, Portsmouth, Tottenham, StokePeter Crouch
65%
Liverpool, Leeds, Manchester CityRobbie Fowler
65%
Coventry, Leeds, Tottenham, West Ham, Aston VillaRobbie Keane
65%
Aston Villa, Manchester United, Blackburn, Birmingham, SunderlandDwight Yorke
61%
SouthamptonMatthew Le Tissier
61%
Ipswich Town, Charlton, Tottenham, Sunderland, Aston Villa, FulhamDarren Bent
58%
Liverpool, Manchester City, ChelseaRaheem Sterling
58%
West Brom, Everton, Manchester United, ChelseaRomelu Lukaku
58%
Arsenal, West HamIan Wright
55%
West Ham, Tottenham, Portsmouth, Sunderland, BournemouthJermain Defoe
55%
Leeds, Chelsea, Middlesbrough, CharltonJimmy Floyd Hasselbaink
55%
Arsenal, Liverpool, Manchester City, Bolton, Chelsea, West BromNicolas Anelka
55%
Manchester United, Coventry, Aston VillaDion Dublin
45%
Leicester, Liverpool, Birmingham, Wigan, Aston VillaEmile Heskey
39%

Score Distribution

Percentile by Number Answered

Percent of People with Each Score

Your Score History

You have not taken this quiz